[Event "Norm Congress-GM 2019"]
[Site "Saint Louis"]
[Date "2019.05.19"]
[Round "6.3"]
[White "Ali Marandi, Cemil Can"]
[Black "Abrahamyan, Tatev"]
[Result "0-1"]
[WhiteElo "2531"]
[BlackElo "2373"]
[Annotator "TA"]
[PlyCount "76"]
[EventDate "2019.05.16"]
[EventType "tourn"]
[EventCountry "USA"]
[SourceTitle "playchess.com"]
[Source "ChessBase"]
[SourceQuality "1"]

{[%evp 10,76,14,19,11,10,18,10,26,-7,0,5,33,18,39,-12,5,-43,-43,-39,-41,-39,0,0,0,0,0,0,0,0,0,0,0,0,0,0,0,0,0,-141,-158,-209,-209,-230,-233,-249,-247,-232,-78,-89,-94,-87,-6,-561,-582,-559,-572,-581,-552,-550,-518,-515,-508,-487,-483,-598,-591,-646,-659]} 1. e4 e6 2. d4 d5 3. Nd2 c5 4. exd5 Qxd5 5. Ngf3 cxd4 6. Bc4 Qd7 {C07: French Tarrasch: 3...c5, 4 Ngf3 and 4 exd5 Qxd5} (6... Qd6 7. O-O Nf6 8. Nb3 Nc6 9. Nbxd4 Nxd4 10. Nxd4 a6 11. Re1 Qc7 12. Bf1 Be7 13. Qf3 O-O 14. Bf4 Bd6 15. Bxd6 Qxd6 16. Rad1 Qc7 17. c4 Rb8 18. Qg3 Qxg3 19. hxg3 Bd7 {½-½ (61) Karjakin,S (2773)-Duda,J (2737) chess.com INT 2018}) 7. O-O Nc6 8. Nb3 {[%cal Rb3d4]} a6 {The position is equal.} 9. Qe2 Bd6 (9... b5 $5 10. Bd3 $8 Bb7 $11) 10. Rd1 $146 ({Predecessor:} 10. a4 Nge7 11. Rd1 Qc7 12. h3 O-O 13. Nbxd4 Nxd4 14. Nxd4 {1-0 (60) Dibusz,D (2076)-Baski,B (1740) Zalakaros 2018}) 10... Nge7 11. Nbxd4 Nxd4 12. Nxd4 (12. Rxd4 $14 Qc7 13. Bg5) 12... Qc7 $11 13. Bb5+ axb5 14. Nxb5 {[%mdl 64] Double Attack} Bxh2+ 15. Kh1 Qe5 16. g3 $1 Bxg3 $1 {[#]} (16... Qxe2 17. Nc7+ Kf8 18. Rd8#) 17. fxg3 $1 {[%mdl 512]} Qxg3 {Hoping for ...Bd7.} 18. Qg4 ({Much weaker is} 18. Nd6+ Kf8 $17) 18... Qe5 $1 {[%cal Re5b5]} ({Weaker is} 18... Qxg4 19. Nc7+ Kf8 20. Rd8#) 19. Nd6+ Kf8 20. Bf4 h5 21. Qg3 $1 h4 22. Qf2 $1 Qh5 $1 23. Ne4 $1 {[%cal Rd1d8]} Nd5 {White must now prevent ...Qf5.} 24. c4 (24. Rg1 $1 $11 Nxf4 25. Rg5) 24... Qf5 $1 $17 {[%csl LRe4,LRf4]} 25. Bd6+ (25. Nc3 $17 {was necessary.} Ra6 26. Nxd5 exd5 27. Rxd5 Qh3+ 28. Qh2) 25... Kg8 $19 26. Qe2 Bd7 $1 {...Qh3+ is the strong threat.} 27. cxd5 exd5 28. Nc5 {[#]} Bc6 $2 (28... Bb5 $1 $19 {[%cal Rb5e2][%mdl 512]} 29. Qg2 (29. Qxb5 $2 Qh3+ 30. Kg1 Rh6 $19) 29... h3) 29. Rd4 $17 Re8 $36 {[%mdl 3072] Black has strong compensation. Black has strong initiative.} 30. Qf1 Qc2 (30... Qh5 $17 {Threatens to win with ...Rh6.} 31. Qh3 Rh6) 31. Qd3 $2 {[%mdl 8192] [#]} (31. Nd3 $1 $11 {and White stays safe.} f6 32. Rc1) 31... Qf2 $1 $19 {aiming for ...h3.Black is clearly winning.} 32. Rf1 {[#]} Re1 $1 33. Rxe1 Qxe1+ 34. Kh2 Rh6 35. Qd2 Qxd2+ 36. Rxd2 Rxd6 37. Rd4 g5 38. Nd3 Re6 {Accuracy: White = 49%, Black = 63%.} 0-1

[Event "Norm Congress-GM 2019"]
[Site "Saint Louis"]
[Date "2019.05.19"]
[Round "6.4"]
[White "Wang, Justin"]
[Black "Banawa, Joel"]
[Result "1-0"]
[WhiteElo "2434"]
[BlackElo "2396"]
[Annotator "RC"]
[PlyCount "93"]
[EventDate "2019.05.16"]
[EventType "tourn"]
[EventCountry "USA"]
[SourceTitle "playchess.com"]
[Source "ChessBase"]
[SourceQuality "1"]
[TimeControl "5400+30"]

1. e4 {[%emt 0:00:00]} e5 {[%emt 0:01:33]} 2. Nf3 {[%emt 0:00:00]} Nc6 {[%emt 0:00:04]} 3. Bb5 {[%emt 0:00:01]} a6 {[%emt 0:00:04]} 4. Ba4 {[%emt 0:00:25]} Nf6 {[%emt 0:00:04]} 5. O-O {[%emt 0:00:18]} Be7 {[%emt 0:02:39]} 6. Re1 {[%emt 0:00:33]} b5 {[%emt 0:00:06]} 7. Bb3 {[%emt 0:00:07]} d6 {[%emt 0:00:04]} 8. c3 {[%emt 0:00:42]} O-O {[%emt 0:00:06]} 9. h3 {[%emt 0:00:26]} Na5 {[%emt 0:00:07]} 10. Bc2 {[%emt 0:00:33]} c5 {[%emt 0:00:07]} 11. d4 {[%emt 0:00:38]} Nd7 {[%emt 0:00:11]} 12. d5 {[%emt 0:07:54]} Nb6 {[%emt 0:02:05]} 13. Nbd2 {[%emt 0:02:26]} g6 {[%emt 0:00:36]} 14. Nf1 {[%emt 0:03:59]} f5 {[%emt 0:06:14]} 15. exf5 {[%emt 0:06:20]} gxf5 {[%emt 0:00:13]} 16. Ng3 {[%emt 0:02:22]} e4 {[%emt 0:29:45]} 17. Nh2 {[%emt 0:02:25]} Qe8 {[%emt 0:00:46]} 18. Nh5 {[%emt 0:11:19]} Qf7 {[%emt 0:02:43]} 19. Bh6 {[%emt 0:05:17]} Re8 {[%emt 0:03:47]} 20. Re3 {[%emt 0:01:30]} Bh4 {[%emt 0:02:21]} 21. Nf4 {[%emt 0:20:07]} Nac4 {[%emt 0:02:28]} 22. Nf1 {[%emt 0:03:15]} Nxb2 {[%emt 0:08:53]} 23. Qe2 {[%emt 0:03:38]} N2c4 {[%emt 0:01:42]} 24. Rg3+ {[%emt 0:01:02]} Bxg3 {[%emt 0:00:04]} 25. Nxg3 {[%emt 0:00:02]} Kh8 {[%emt 0:14:47]} 26. Bg5 {[%emt 0:02:14]} Rg8 {[%emt 0:03:48]} 27. Qh5 {[%emt 0:01:30]} Qg7 {[%emt 0:04:04]} 28. Nxe4 {[%emt 0:02:58]} Nd7 {[%emt 0:04:01]} 29. Bh6 {[%emt 0:07:59]} Qe7 {[%emt 0:00:13]} 30. Ng5 {[%emt 0:01:25]} Nde5 {[%emt 0:02:13]} 31. Nfe6 {[%emt 0:03:12]} Qf6 {[%emt 0:05:18]} 32. f4 {[%emt 0:03:49]} Qg6 {[%emt 0:00:24]} 33. Bd1 {[%emt 0:02:27]} Ra7 {[%emt 0:03:14]} 34. fxe5 {[%emt 0:00:34]} Nxe5 {[%emt 0:00:03]} 35. h4 {[%emt 0:03:06]} Qf6 {[%emt 0:00:15]} 36. Be2 {[%emt 0:01:07]} Rg6 {[%emt 0:02:11]} 37. Bf8 {[%emt 0:00:46]} Bxe6 {[%emt 0:00:02]} 38. Nxe6 {[%emt 0:00:08]} Rd7 {[%emt 0:00:24]} 39. Rf1 {[%emt 0:00:09]} Rf7 {[%emt 0:00:58]} 40. Bxd6 {[%emt 0:00:36]} Nd7 {[%emt 0:00:34]} 41. Bf4 {[%emt 0:01:56]} Qxc3 {[%emt 0:00:11]} 42. Qf3 {[%emt 0:00:25]} Qb2 {[%emt 0:00:16]} 43. h5 {[%emt 0:00:28]} Rg8 {[%emt 0:00:19]} 44. Qe3 {[%emt 0:00:46]} Re8 {[%emt 0:01:16]} 45. h6 {[%emt 0:00:11]} Rf6 {[%emt 0:00:08]} 46. Bg5 {[%emt 0:00:26]} Rf7 {[%emt 0:00:57]} 47. Bh5 {[%emt 0:00:10]} 1-0

[Event "Norm Congress-GM 2019"]
[Site "Saint Louis"]
[Date "2019.05.19"]
[Round "6.5"]
[White "Shtembuliak, Evgeny"]
[Black "Escalante Ramirez, Brian Sebasti"]
[Result "1-0"]
[WhiteElo "2516"]
[BlackElo "2452"]
[Annotator "TA"]
[PlyCount "103"]
[EventDate "2019.05.16"]
[EventType "tourn"]
[EventCountry "USA"]
[SourceTitle "playchess.com"]
[Source "ChessBase"]
[SourceQuality "1"]

{[%evp 11,103,35,43,38,39,35,44,54,37,43,68,62,62,56,82,87,114,75,130,101,116,112,112,56,68,68,204,64,175,169,187,170,179,187,245,174,322,198,263,255,317,239,247,147,149,149,146,154,149,150,135,75,72,52,52,88,93,116,99,95,86,58,147,0,375,375,371,377,338,318,316,310,367,364,377,366,368,339,306,318,368,300,330,343,418,434,6175,6175,6943,6916,5306,5519,29979,29980]} 1. d4 Nf6 2. c4 g6 3. Nc3 Bg7 4. e4 d6 5. Nge2 O-O 6. Ng3 h5 7. Be2 {E70: King's Indian: Miscellaneous lines with 4 e4, including 5 Nge2 and 5 Bd3 0-0 6 Nge2} e5 8. d5 h4 9. Nf1 {White is slightly better.} Nh7 10. Be3 (10. h3 f5 11. Nh2 a5 12. O-O Na6 13. exf5 gxf5 14. f4 e4 15. Be3 Bd7 {0-1 (52) Bologan,V (2610)-Kovalev,V (2650) Poikovsky 2018}) 10... f5 11. exf5 gxf5 12. g3 Qf6 $146 {Threatens to win with ...f4.} ({Predecessor:} 12... Na6 13. f4 Qe7 14. Qc2 Nc5 15. O-O-O Bd7 {1-0 (58) Wedda,D (2216)-Clemens,A (2153) Hoogeveen 2018}) 13. Rg1 Kh8 14. f4 a6 ({Better is} 14... Na6) 15. Qd2 h3 16. O-O-O $36 {[%mdl 2048] Keeping Black busy.} b5 17. c5 (17. Kb1 $16) 17... Nd7 $14 18. c6 Nb6 (18... Nc5 $1 $14) 19. a3 (19. Bxb6 $1 $18 cxb6 20. Ne3) 19... Nc4 (19... Rb8 $14) 20. Bxc4 $1 $18 bxc4 21. Qc2 a5 22. Nd2 Ba6 (22... e4 $142 23. Nxc4 Ba6) 23. Nf3 Rae8 (23... Qh6 $142 24. Rde1 Qh5) 24. Kb1 e4 (24... Qh6 {was necessary.} 25. Qd2 Qh5) 25. Nd4 Bc8 26. Ndb5 Qf7 27. Qe2 (27. Qa4 $18) 27... Nf6 28. Qf1 ({Don't do} 28. Qxc4 Ba6 $16) 28... Ng4 29. Qxh3+ Kg8 30. Rge1 Ba6 31. Qg2 (31. Nd4 $142) 31... Bxb5 $16 32. Nxb5 Rb8 33. a4 Rxb5 34. axb5 {Black must now prevent Qc2.} Rb8 35. Bd4 {And now h3 would win.} Rxb5 {[#] Hoping for ...c3.} 36. Qc2 $1 Rxd5 {[#]} (36... Rb4 $14) 37. Qxc4 ({White should try} 37. h3 $1 $16 {Bxg7 is the strong threat.} Rxd4 38. Rxd4 (38. hxg4 Rxd1+ 39. Qxd1 d5 $16)) 37... e3 $2 {[%mdl 8192]} (37... Nxh2 $11 {and Black stays safe.} 38. Qb3 Nf3 39. Qb8+ Bf8) 38. Rd3 $18 Nf2 39. Rdxe3 Ne4 40. Rxe4 $1 fxe4 41. Rxe4 Bxd4 42. Rxd4 Rxd4 43. Qxd4 {[%mdl 4096] Endgame KQ-KQ} Qb3 44. Qc3 Qd1+ 45. Qc1 Qb3 46. Qc2 Qe6 47. f5 Qe1+ 48. Ka2 d5 (48... Qe5 $142 49. Qb3+ d5) 49. f6 {White wants to mate with Qg6+.} Kf7 50. Qh7+ Kxf6 51. Qxc7 Qc1 52. Qf4+ {Accuracy: White = 59%, Black = 42%.} 1-0

[Event "Norm Congress-GM 2019"]
[Site "Saint Louis"]
[Date "2019.05.19"]
[Round "7.1"]
[White "Escalante Ramirez, Brian Sebasti"]
[Black "Korley, Kassa"]
[Result "1-0"]
[WhiteElo "2452"]
[BlackElo "2468"]
[Annotator "TA"]
[PlyCount "77"]
[EventDate "2019.05.16"]
[EventType "tourn"]
[EventCountry "USA"]
[SourceTitle "playchess.com"]
[Source "ChessBase"]
[SourceQuality "1"]

{[%evp 17,77,0,2,0,0,0,14,20,23,20,28,0,21,21,21,22,21,0,7,0,30,27,77,96,85,89,77,88,222,229,235,192,233,163,174,60,165,175,526,463,509,507,617,607,716,486,469,459,495,492,489,488,495,495,493,490,495,488,712,681,625,570]} 1. e4 e5 2. Nf3 Nf6 3. d4 Nxe4 4. Bd3 d5 5. Nxe5 Nd7 6. Nxd7 Bxd7 7. O-O Bd6 8. Nc3 Nxc3 9. bxc3 O-O {[#]} 10. Qh5 $1 {[%csl Gd3][%cal Rh5h7][%mdl 512] C43: Petroff Defence: 3 d4} f5 11. Re1 Qf6 (11... c6 12. Bg5 Qc7 13. Re3 g6 14. Qh4 Rae8 15. Rae1 Rxe3 16. Rxe3 Re8 17. c4 Rxe3 18. Bxe3 {1-0 (44) Nepomniachtchi,I (2771)-Yu,Y (2761) Astana 2019}) 12. Qf3 {The position is equal.} c6 13. Bf4 Rae8 14. Qg3 {Threatens to win with Rxe8.} Ba3 15. Rxe8 Rxe8 16. Be5 Qg6 $146 ({Predecessor:} 16... Qf7 17. c4 f4 {1-0 (73) Padmini,R (2444)-Kurbonboeva,S (2264) Al Ain 2015}) 17. Qh3 b5 18. Be2 $36 {[%mdl 2048] White has some pressure.} Re7 19. f4 a5 20. c4 Bb2 21. Bh5 Qh6 22. Rb1 {And now cxd5 would win.} g6 {[#]} (22... Rxe5 $16 23. dxe5 Qxf4) 23. Qh4 $1 $18 {[%cal Rh4e7]} ({Weaker is} 23. Rxb2 Qxh5 24. Qxh5 gxh5 $14) 23... Ba3 24. Qf6 {Black must now prevent cxb5.} dxc4 25. Bf3 Qg7 26. Qxg7+ Rxg7 {[#]} 27. d5 $1 {[%cal Rd5c6]} ({Resist} 27. Bxg7 $6 Kxg7 28. Re1 Kf6 $14) 27... c5 $2 (27... cxd5 28. Bxd5+ Rf7) 28. Bxg7 {White is clearly winning.} Kxg7 {[%mdl 4096] Endgame KRB-KB} 29. Re1 Kf6 30. d6 b4 {If Black can now play ...b3 this consolidates a bit.} 31. Re7 {[%mdl 64] Hoping for Bd5. Double Attack} Be6 {intending ...b3.} 32. Rxh7 {Bd5 would kill now.} b3 33. axb3 cxb3 34. cxb3 c4 35. d7 Be7 36. bxc4 Bxd7 37. Bd5 {[%csl Gd5][%cal Rh7f7]} Be6 (37... Be8 $142 38. Kf1 Bc5) 38. Bxe6 Kxe6 39. Rh8 {Accuracy: White = 80%, Black = 29%.} 1-0

[Event "Norm Congress-GM 2019"]
[Site "Saint Louis"]
[Date "2019.05.19"]
[Round "7.2"]
[White "Banawa, Joel"]
[Black "Shtembuliak, Evgeny"]
[Result "1/2-1/2"]
[WhiteElo "2396"]
[BlackElo "2516"]
[Annotator "TA"]
[PlyCount "40"]
[EventDate "2019.05.16"]
[EventType "tourn"]
[EventCountry "USA"]
[SourceTitle "playchess.com"]
[Source "ChessBase"]
[SourceQuality "1"]

{[%evp 9,40,14,28,33,43,38,19,32,32,18,18,5,10,9,15,11,29,14,25,20,27,18,43,34,42,32,27,27,31,9,18,14,21]} 1. e4 c5 2. Nc3 Nc6 3. Bb5 Nd4 4. Nf3 Nxb5 5. Nxb5 a6 6. Nc3 {B23: Closed Sicilian: Lines without g3} d6 7. d4 cxd4 8. Qxd4 e5 9. Qd3 h6 10. O-O Nf6 11. a4 Be7 12. Nd2 Be6 13. Nc4 Rc8 14. Ne3 O-O 15. Bd2 Qb6 16. Rfd1 Qd4 17. Be1 Qxd3 18. Rxd3 {[#]} g6 $146 ({Predecessor:} 18... Rc5 19. f3 Rfc8 {½-½ (56) Rapport,R (2715)-Lagarde,M (2587) Karlsruhe 2018}) 19. a5 Nd7 20. Ncd5 Bd8 {Accuracy: White = 71%, Black = 89%.} 1/2-1/2

[Event "Norm Congress-GM 2019"]
[Site "Saint Louis"]
[Date "2019.05.19"]
[Round "7.3"]
[White "Abrahamyan, Tatev"]
[Black "Wang, Justin"]
[Result "0-1"]
[WhiteElo "2373"]
[BlackElo "2434"]
[Annotator "RC"]
[PlyCount "90"]
[EventDate "2019.05.16"]
[EventType "tourn"]
[EventCountry "USA"]
[SourceTitle "playchess.com"]
[Source "ChessBase"]
[SourceQuality "1"]
[TimeControl "5400+30"]

1. e4 {[%emt 0:00:00]} e5 {[%emt 0:00:00]} 2. Nf3 {[%emt 0:00:00]} Nc6 {[%emt 0:00:07]} 3. Bc4 {[%emt 0:00:00]} Nf6 {[%emt 0:00:43]} 4. d3 {[%emt 0:02:09]} h6 {[%emt 0:02:19]} 5. O-O {[%emt 0:03:10]} d6 {[%emt 0:02:48]} 6. a4 {[%emt 0:03:09]} g5 7. a5 a6 {[%emt 0:01:39]} 8. c3 {[%emt 0:00:37]} Bg7 {[%emt 0:01:30]} 9. Nbd2 {[%emt 0:06:40]} O-O {[%emt 0:03:43]} 10. h3 {[%emt 0:06:06]} d5 {[%emt 0:05:11]} 11. Bb3 {[%emt 0:03:37]} Be6 {[%emt 0:10:02]} 12. Re1 {[%emt 0:03:24]} Re8 {[%emt 0:05:29]} 13. Qc2 {[%emt 0:07:26]} Nh5 {[%emt 0:02:06]} 14. Nf1 {[%emt 0:05:05]} Nf4 {[%emt 0:04:59]} 15. Ng3 {[%emt 0:18:35]} dxe4 {[%emt 0:04:30]} 16. dxe4 {[%emt 0:00:11]} Qd3 {[%emt 0:00:59]} 17. Be3 {[%emt 0:03:00]} Rad8 {[%emt 0:03:26]} 18. Red1 {[%emt 0:02:28]} Qxc2 {[%emt 0:01:48]} 19. Bxc2 {[%emt 0:00:41]} Rxd1+ {[%emt 0:01:31]} 20. Bxd1 {[%emt 0:00:07]} Rd8 {[%emt 0:00:51]} 21. Nd2 {[%emt 0:03:05]} Nd3 {[%emt 0:03:51]} 22. b4 {[%emt 0:02:31]} Nd4 {[%emt 0:02:54]} 23. Bg4 {[%emt 0:21:14]} Nc2 {[%emt 0:02:51]} 24. Rb1 {[%emt 0:00:48]} Ba2 {[%emt 0:00:40]} 25. Rf1 {[%emt 0:01:03]} Nxe3 {[%emt 0:02:04]} 26. fxe3 {[%emt 0:00:03]} Nxb4 {[%emt 0:00:31]} 27. cxb4 {[%emt 0:01:55]} Rxd2 {[%emt 0:00:09]} 28. Bc8 {[%emt 0:00:05]} Bf8 {[%emt 0:04:45]} 29. Bxb7 {[%emt 0:00:03]} Bxb4 {[%emt 0:00:33]} 30. Nf5 {[%emt 0:00:17]} Be6 {[%emt 0:01:13]} 31. Bxa6 {[%emt 0:00:51]} Bxa5 {[%emt 0:00:29]} 32. Nxh6+ {[%emt 0:01:18]} Kg7 {[%emt 0:00:25]} 33. Ng4 {[%emt 0:00:28]} Bb6 {[%emt 0:02:48]} 34. Nxe5 {[%emt 0:00:49]} Bxe3+ {[%emt 0:00:25]} 35. Kh1 {[%emt 0:00:09]} Bf4 {[%emt 0:01:14]} 36. Nf3 {[%emt 0:00:46]} Ra2 {[%emt 0:05:07]} 37. Bb7 {[%emt 0:00:32]} c5 {[%emt 0:04:47]} 38. Bd5 {[%emt 0:00:13]} c4 {[%emt 0:00:19]} 39. Nd4 {[%emt 0:02:51]} Bxd5 {[%emt 0:00:49]} 40. exd5 {[%emt 0:00:04]} Rd2 {[%emt 0:00:25]} 41. Nf5+ {[%emt 0:02:24]} Kg6 {[%emt 0:00:49]} 42. Ne7+ {[%emt 0:00:54]} Kf6 {[%emt 0:00:47]} 43. Nc6 {[%emt 0:00:05]} c3 {[%emt 0:00:52]} 44. Nb4 {[%emt 0:00:13]} Kg6 {[%emt 0:00:34]} 45. g3 {[%emt 0:01:26]} Bd6 {[%emt 0:01:07]} 0-1

[Event "Norm Congress-GM 2019"]
[Site "Saint Louis"]
[Date "2019.05.19"]
[Round "7.4"]
[White "Hong, Andrew"]
[Black "Ali Marandi, Cemil Can"]
[Result "1/2-1/2"]
[WhiteElo "2414"]
[BlackElo "2531"]
[Annotator "TA"]
[PlyCount "57"]
[EventDate "2019.05.16"]
[EventType "tourn"]
[EventCountry "USA"]
[SourceTitle "playchess.com"]
[Source "ChessBase"]
[SourceQuality "1"]

{[%evp 13,57,83,66,83,79,70,74,65,76,79,97,95,139,139,154,154,154,154,153,148,154,139,145,52,131,79,106,99,90,91,109,45,88,11,31,16,88,89,71,47,50,52,50,49,45,29]} 1. e4 e5 2. Nf3 Nc6 3. Bb5 a6 4. Ba4 d6 5. O-O Bg4 6. h3 h5 7. Bxc6+ bxc6 8. d4 $1 {C72: Ruy Lopez: Deferred Steinitz: 5 0-0} Bxf3 9. Qxf3 exd4 10. Re1 {White is better.} (10. e5 d5 11. c3 Bc5 12. Rd1 Qd7 13. cxd4 Bb6 14. Bg5 Ne7 15. Bxe7 Qxe7 {½-½ (36) Zhigalko,S (2641)-Fressinet,L (2662) Katowice 2017}) 10... Qd7 11. Nd2 $146 ({Predecessor:} 11. e5 d5 12. Nd2 g5 13. Qb3 g4 14. Qb7 Rc8 15. h4 c5 {½-½ (51) Ilyasov,A (2267)-Steinkellner,P (2304) ICCF email 2013}) 11... Be7 12. Nb3 Bf6 {[#]} 13. Bf4 $1 Be5 14. Bxe5 dxe5 15. c3 d3 16. Rad1 Nf6 17. Rxd3 Qe7 18. Qe3 (18. Na5 $16) 18... O-O (18... a5 $1 $14) 19. Qg5 ({White should play} 19. Na5) 19... Rad8 20. Rg3 {[%csl Gg3][%cal Rg5g7]} g6 21. Na5 Rd6 22. b4 (22. Nb7 $16) 22... Rfd8 23. Nc4 (23. Rge3 $16) 23... Re6 $11 24. Rf3 Nd5 {[#]} (24... c5 $11) 25. Qxe7 $1 $16 Nxe7 26. Kf1 Nc8 {White is slightly better.} 27. Ke2 Nd6 28. Rd3 Ra8 29. Nxd6 {Accuracy: White = 62%, Black = 59%.} 1/2-1/2

[Event "Norm Congress-GM 2019"]
[Site "Saint Louis"]
[Date "2019.05.19"]
[Round "7.5"]
[White "Jacobson, Brandon"]
[Black "Boros, Denes"]
[Result "0-1"]
[WhiteElo "2503"]
[BlackElo "2439"]
[Annotator "ChessBase"]
[PlyCount "64"]
[EventDate "2019.05.16"]
[EventType "tourn"]
[EventCountry "USA"]
[SourceTitle "playchess.com"]
[Source "ChessBase"]
[SourceQuality "1"]
[TimeControl "5400+30"]

1. e4 {[%emt 0:00:00]} e5 {[%emt 0:00:00]} 2. Nf3 {[%emt 0:00:00]} Nf6 {[%emt 0:00:03]} 3. Nc3 {[%emt 0:00:42]} Bb4 {[%emt 0:00:38]} 4. Bd3 {[%emt 0:11:59]} O-O {[%emt 0:02:44]} 5. O-O {[%emt 0:04:15]} Re8 {[%emt 0:06:14]} 6. Re1 {[%emt 0:15:26]} c6 {[%emt 0:11:16]} 7. a3 {[%emt 0:15:32]} Ba5 {[%emt 0:02:39]} 8. b4 {[%emt 0:04:17]} Bc7 {[%emt 0:03:24]} 9. Bb2 {[%emt 0:03:19]} a5 {[%emt 0:03:03]} 10. h3 {[%emt 0:02:50]} h6 {[%emt 0:00:52]} 11. Bf1 {[%emt 0:11:57]} d6 {[%emt 0:09:13]} 12. d4 {[%emt 0:00:04]} Nbd7 {[%emt 0:00:24]} 13. Bc4 {[%emt 0:07:17]} Qe7 {[%emt 0:05:01]} 14. Bb3 {[%emt 0:00:47]} Nf8 {[%emt 0:03:28]} 15. Qd3 {[%emt 0:07:56]} Ng6 {[%emt 0:04:32]} 16. Ne2 {[%emt 0:00:36]} axb4 {[%emt 0:03:04]} 17. axb4 {[%emt 0:01:27]} Rxa1 {[%emt 0:00:05]} 18. Bxa1 {[%emt 0:00:01]} exd4 {[%emt 0:05:18]} 19. Nexd4 {[%emt 0:01:01]} d5 {[%emt 0:02:31]} 20. e5 {[%emt 0:05:32]} Ne4 {[%emt 0:01:03]} 21. b5 {[%emt 0:00:02]} Qc5 {[%emt 0:08:49]} 22. bxc6 {[%emt 0:00:36]} bxc6 {[%emt 0:00:04]} 23. Ba4 {[%emt 0:04:30]} Bd7 {[%emt 0:15:35]} 24. c4 {[%emt 0:00:01]} Nxe5 {[%emt 0:00:33]} 25. Nxe5 {[%emt 0:00:27]} Rxe5 {[%emt 0:00:58]} 26. cxd5 {[%emt 0:00:50]} Qxd5 {[%emt 0:01:54]} 27. Qa6 {[%emt 0:01:23]} Qa2 {[%emt 0:04:45]} 28. Nc2 {[%emt 0:00:38]} Ra5 {[%emt 0:00:47]} 29. Qd3 {[%emt 0:00:31]} Qxa4 {[%emt 0:02:04]} 30. Qxe4 {[%emt 0:00:31]} Qxe4 {[%emt 0:00:41]} 31. Rxe4 {[%emt 0:00:03]} Ra2 {[%emt 0:00:11]} 32. Rc4 {[%emt 0:00:55]} Bf5 {[%emt 0:01:28]} 0-1

[Event "Norm Congress-GM 2019"]
[Site "Saint Louis"]
[Date "2019.05.20"]
[Round "8.1"]
[White "Korley, Kassa"]
[Black "Boros, Denes"]
[Result "0-1"]
[WhiteElo "2468"]
[BlackElo "2439"]
[Annotator "TA"]
[PlyCount "114"]
[EventDate "2019.05.16"]
[EventType "tourn"]
[EventCountry "USA"]
[SourceTitle "playchess.com"]
[Source "ChessBase"]
[SourceQuality "1"]

{[%evp 19,114,59,90,93,91,86,99,98,97,64,111,111,119,101,111,104,128,111,120,100,126,102,111,71,80,45,49,18,21,19,19,17,25,14,22,14,14,14,14,14,45,0,14,0,0,0,0,-94,-88,-93,-94,-94,-88,-106,-86,-90,0,0,-6,-496,-458,-790,-781,-683,-89,-215,-188,-169,-110,-110,-110,-110,-112,-112,-112,-119,-124,-140,-140,-140,-140,-141,-141,-29950,-12851,-6342,-6045,-29966,-29965,-29976,-29977,-29977,-29978,-29978,-29978,-29975,-12798]} 1. d4 Nf6 2. c4 c5 3. d5 g6 4. Nc3 Bg7 5. e4 d6 6. Bd3 e6 7. Nf3 O-O 8. O-O Na6 9. h3 Nc7 10. Re1 e5 11. a3 {E90: King's Indian: Classical: Early deviations and 6 h3} b6 $146 ({Predecessor:} 11... Nh5 12. b4 b6 13. bxc5 bxc5 14. Bd2 Qe8 15. Bc2 Ba6 16. Ba4 Qe7 17. Nb5 Nxb5 18. Bxb5 Bc8 {0-1 (38) Vera Gonzalez Quevedo,R (2446)-Romanov,E (2654) Bogota 2013}) 12. b4 Na6 13. Rb1 {White is better.} Nh5 14. Nb5 Kh8 15. Bg5 Qd7 16. Bc2 f6 17. Bd2 Qe7 18. Kh2 Nf4 19. Ng1 Qd7 20. Rb3 Nc7 21. bxc5 bxc5 22. Nxc7 (22. Nc3 {seems wilder.} Qf7 23. Nce2 Nxe2 24. Qxe2 Ba6 25. Reb1) 22... Qxc7 23. Ne2 (23. Rb1 {feels hotter.} Ba6 24. g3 Nh5 25. Bd3 Qd7 26. Ne2) 23... Nxe2 $1 24. Qxe2 f5 25. Reb1 f4 26. Bd1 Bf6 27. Qd3 Bh4 28. Kg1 h5 29. Rb5 Qf7 30. Rb8 Ba6 31. Rxa8 (31. R8b3 {keeps more tension.} Qd7 32. Be2 Bd8 33. Qc3 Kg8 34. R3b2) 31... Rxa8 32. Ba4 Rf8 33. Bb5 (33. Bd1 $11) 33... Bc8 $1 $17 34. f3 g5 $1 35. Kf1 g4 36. hxg4 hxg4 37. Ke2 Kg7 (37... gxf3+ $1 $17 38. Qxf3 Kg7) 38. Rh1 $11 Rh8 39. Qc3 $2 {[%mdl 8192]} (39. Qb1 $11 {and White has nothing to worry.}) 39... Qg6 $19 {White must now prevent ...gxf3+.} 40. Kf1 (40. Rb1 $142 Bd8 41. Bd7 Bxd7 42. Rb7 gxf3+ 43. Qxf3) 40... gxf3 41. Qxf3 Rh5 $2 (41... Bg4 $19 42. Qd3 Rh5) 42. Be1 (42. Ba4 $17) 42... Bg4 43. Be8 Bxf3 ({Better is} 43... Qg5 $1 $19 44. Qb3 Be2+ $1 {[%mdl 512]} 45. Kg1 f3) 44. Bxg6 $17 Kxg6 45. Rxh4 Bxe4 {aiming for ...Rg5.} 46. Rxh5 Kxh5 $19 {[%mdl 4096] Endgame KB-KB} 47. Ba5 Kg4 48. Kf2 Bd3 {Strongly threatening ...e4.} 49. Bc7 e4 50. Bxd6 e3+ 51. Ke1 $2 {[%mdl 8192]} (51. Kg1 $17) 51... Bxc4 52. Bxc5 Bxd5 53. Bxa7 {[#]} Kg3 $1 {Black mates.} 54. a4 Bxg2 55. Ke2 Bf3+ 56. Kd3 {[#]} Be4+ $1 {[%mdl 512]} 57. Ke2 {[#]} (57. Kxe4 e2) 57... f3+ $1 {Accuracy: White = 35%, Black = 69%.} 0-1